| Tag |
First Indicator |
Second Indicator |
Subfields |
| LEADER |
00000cam a2200000Ii 4500 |
| 001 |
in00004347721 |
| 008 |
191019s2020 enka c 000 0 eng d |
| 005 |
20250318220232.1 |
| 020 |
|
|
|a 9780500210291
|
| 020 |
|
|
|a 0500210292
|q hardcover
|
| 035 |
|
|
|a (OCoLC)on1123186443
|
| 035 |
|
|
|a (OCoLC)1123186443
|
| 040 |
|
|
|a YDX
|b eng
|e rda
|c YDX
|d UKMGB
|d BDX
|d ERASA
|d OCLCF
|d YDXIT
|d OCL
|d YDXIT
|d UtOrBLW
|
| 050 |
|
4 |
|a N7359.A99
|b A4 2020
|
| 082 |
0 |
4 |
|a 709.52
|2 23
|
| 082 |
0 |
4 |
|a 709.2
|2 23
|
| 100 |
1 |
|
|a Azuma, Makoto,
|d 1976-
|e artist.
|0 http://id.loc.gov/authorities/names/no2013054069
|
| 245 |
1 |
0 |
|a Flower art :
|b Makoto Azuma /
|c Makoto Azuma ; [translated from the Japanese by Pamela Miki].
|
| 264 |
|
1 |
|a London ;
|a New York, NY :
|b Thames & Hudson,
|c 2020.
|
| 300 |
|
|
|a 237 pages :
|b chiefly color illustrations ;
|c 31 x 23 cm
|
| 336 |
|
|
|a text
|b txt
|2 rdacontent
|
| 336 |
|
|
|a still image
|b sti
|2 rdacontent
|
| 337 |
|
|
|a unmediated
|b n
|2 rdamedia
|
| 338 |
|
|
|a volume
|b nc
|2 rdacarrier
|
| 500 |
|
|
|a Original edition: AMKK (TOUNOKI Co., Ltd), Tokyo, 2019.
|
| 520 |
8 |
|
|a The art of Makoto Azuma uses flowers and plants as its starting point, but juxtaposes their timeless yet transient beauty with an incredibly diverse range of striking settings. In a series of sculptures, installations and interactive events, he delights in blurring the boundaries between nature and artifice. 0Azuma founded the floral atelier Jardins des Fleurs in 2002, taking commissions from private clients as well as brands and corporations, both in Japan and all over the world. His parallel career as an artist began in 2005 and involves creating and exhibiting artworks that turn flowers and plants into a medium for self-expression. In 2008, Azuma founded AMKK (Azuma Makoto Kaju Kenkyujo), a group specializing in experimental floral creation, with the aim of seeking new forms of botanical beauty and new ways to exhibit them. His works have travelled the globe, from barren deserts to frozen expanses, from thousands of feet below the sea to the very edge of space. 0Featuring more than sixty projects captured in breathtaking photography, this beautiful book is the most comprehensive showcase of Azuma's art ever published.
|
| 600 |
1 |
0 |
|a Azuma, Makoto,
|d 1976-
|0 http://id.loc.gov/authorities/names/no2013054069
|
| 600 |
1 |
0 |
|a Azuma, Makoto,
|d 1976-
|v Catalogs.
|
| 650 |
|
0 |
|a Art, Japanese
|y 21st century.
|0 http://id.loc.gov/authorities/subjects/sh00010123
|
| 650 |
|
0 |
|a Flowers in art.
|0 http://id.loc.gov/authorities/subjects/sh85049347
|
| 650 |
|
0 |
|a Flowers
|x Photography.
|
| 650 |
|
7 |
|a Art, Japanese.
|2 fast
|0 (OCoLC)fst00816467
|
| 650 |
|
7 |
|a Flowers in art.
|2 fast
|0 (OCoLC)fst00927909
|
| 648 |
|
7 |
|a 2000-2099
|2 fast
|
| 655 |
|
7 |
|a Catalogs.
|2 fast
|0 (OCoLC)fst01423692
|
| 700 |
1 |
|
|a Miki, Pamela,
|e translator.
|0 http://id.loc.gov/authorities/names/nr2006007431
|
| 852 |
8 |
|
|b pda,print
|z This title is available for the library to purchase for your use. Click the "Purchase It For Me" button to place a request. This item may take 5-10 business days to arrive.
|
| 955 |
|
|
|a Print PDA title
|
| 961 |
|
|
|m 565730
|
| 999 |
f |
f |
|s 5e54c340-4bc7-4342-882c-3fbcbc04790a
|i 4d47e24e-5c19-3fb0-8e71-7f4356dd51df
|t 0
|
| 952 |
f |
f |
|a Texas A&M University
|b College Station
|c Sterling C. Evans Library
|d Purchase on Demand
|t 0
|e N7359.A99 A4 2020
|h Library of Congress classification
|
| 998 |
f |
f |
|a N7359.A99 A4 2020
|t 0
|l Purchase on Demand
|